000
00332 a2200157 4500
001
179748
020
_a
040
_c
Magnum
100
_a
Machado, Ana Maria
240
1
0
_a
A zabumba do quati
_l
por
245
1
0
_a
A zabumba do quati
362
0
_a
1899
440
1
_a
Melhoramentos
697
_a
MAGNITO: I/ANIMAIS
942
_c
BK
999
_c
179748
_d
179748